000
00319nam a22001457a 4500
008
180919b xxu||||| |||| 00| 0 eng d
020
_a
9781269861977
041
_a
eng
080
_a
37
082
_a
37
100
_a
25
101
_a
EDU
245
_a
Reading Across the Disciplines
_c
Whorter,K.T
942
_2
udc
_c
BK
999
_c
47994
_d
47994